| 000 | 00403pab a2200145 454500 | ||
|---|---|---|---|
| 008 | 180718b2005 xxu||||| |||| 00| 0 eng d | ||
| 100 | _aPaul, Darel E. | ||
| 245 | _aThe local politics of 'going global': making and unmaking Minneapolis- St Paul as a world city | ||
| 260 | _c2005 | ||
| 300 | _ap.2103-122 | ||
| 362 | _aNov | ||
| 650 | _aUrban development | ||
| 773 | _aUrban studies | ||
| 909 | _a67557 | ||
| 999 |
_c67557 _d67557 |
||